| 000 | 00887nam a22002175i 4500 | ||
|---|---|---|---|
| 001 | 54816 | ||
| 003 | ES-MaACL | ||
| 005 | 20240229195308.0 | ||
| 007 | t| | ||
| 008 | 960730s1858 fr ||||1| fre d | ||
| 040 |
_aCAM _bspa _cCAM |
||
| 100 | 1 |
_aGailhabaud, Jules. _953247 |
|
| 245 | 1 | 2 |
_aL'architecture du Vme au XVIIme siècle et les arts qui en dépendent:la sculpture, la peinture murale, la peinture sur verre, la mosaïque, la ferronnerie, etc / _cpubliés d'après les travaux inédits des principaux architectes francais et étrangers par Jules Gailhabaud. |
| 260 |
_aParis : _bGuide, _c1858 _f(Imprimerie de J. Claye) |
||
| 300 |
_a4 v. : _bil. ; _c33 cm. |
||
| 650 | 1 | 4 |
_aArquitectura- _vHistoria _99995 |
| 852 |
_aES-MaACL _jD-29-32 _zFalta v.5 (D-32 bis), recuento octubre 2023 |
||
| 942 | _2udc | ||
| 999 |
_c54816 _d54816 |
||